| 000 | 00457nam a2200181Ia 4500 | ||
|---|---|---|---|
| 005 | 20240823043335.0 | ||
| 008 | 240823s9999||||xx |||||||||||||| ||und|| | ||
| 020 | _a978-81-317-1837-7 | ||
| 041 | _aENGLISH | ||
| 082 | _A005.1 Q0 | ||
| 100 | _aPuntambekar A A | ||
| 245 | 0 | _aDesign & analysis of Algorithms | |
| 250 | _a1st | ||
| 260 |
_c2010 _bPearson Education Internat |
||
| 500 | _aTRANSFERED | ||
| 650 |
_aAlgorithms _bMathematics |
||
| 942 | _cBK | ||
| 999 |
_c210006 _d210006 |
||